00477pab a2200157 454500008004000000100001500040245012000055260000900175300001500184362000800199650003900207650001300246700001600259700001900275773002500294180718b2017 xxu||||| |||| 00| 0 eng d aZhang, Lei aForeclosed and sold: an examination of community and property characteristics related to the sale of REO properties c2017 ap.924-949. aSep aForeclosure:Real estate owned(REO) aProperty aDias, Resha aLeonard, Tammy aUrban Affairs Review